[Event "c14"]
[Site "?"]
[Date "2016.05.07"]
[Round "9.8"]
[White "Sanz Wawer, Daniel"]
[Black "Godzwon, Iwo"]
[Result "1-0"]
[BlackElo "1836"]
[WhiteElo "1988"]
[LiveChessVersion "1.4.7"]

1. d4 {[%clk 1:30:53]} Nf6 {[%clk 1:30:47]} 2. c4 {[%clk 1:31:08]} g6
{[%clk 1:30:47]} 3. f3 {[%clk 1:31:28]} d5 {[%clk 1:31:14]} 4. cxd5
{[%clk 1:31:42]} Nxd5 {[%clk 1:31:40]} 5. e4 {[%clk 1:31:51]} Nb6
{[%clk 1:32:06]} 6. Nc3 {[%clk 1:32:06]} Bg7 {[%clk 1:32:32]} 7. Be3
{[%clk 1:32:24]} O-O {[%clk 1:32:30]} 8. Qd2 {[%clk 1:32:24]} e5 {[%clk 1:32:56]}
9. d5 {[%clk 1:29:15]} c6 {[%clk 1:33:14]} 10. O-O-O {[%clk 1:19:16]} cxd5
{[%clk 1:29:03]} 11. exd5 {[%clk 1:19:21]} Na6 {[%clk 1:25:50]} 12. h4
{[%clk 1:07:08]} Bd7 {[%clk 1:19:30]} 13. h5 {[%clk 1:00:17]} Rc8
{[%clk 1:15:46]} 14. Kb1 {[%clk 0:45:58]} Nb4 {[%clk 0:57:08]} 15. g4
{[%clk 0:41:05]} Rxc3 {[%clk 0:51:58]} 16. Qxc3 {[%clk 0:26:55]} N4xd5
{[%clk 0:52:19]} 17. Qd2 {[%clk 0:23:01]} Nxe3 {[%clk 0:52:30]} 18. Qxe3
{[%clk 0:22:32]} e4 {[%clk 0:48:24]} 19. fxe4 {[%clk 0:17:46]} Qf6
{[%clk 0:45:30]} 20. e5 {[%clk 0:16:39]} Qxe5 {[%clk 0:45:57]} 21. Qxe5
{[%clk 0:16:52]} Bxe5 {[%clk 0:46:23]} 22. Be2 {[%clk 0:13:27]} Be6
{[%clk 0:45:03]} 23. Nf3 {[%clk 0:10:23]} Bxg4 {[%clk 0:44:52]} 24. hxg6
{[%clk 0:06:53]} hxg6 {[%clk 0:41:55]} 25. Nxe5 {[%clk 0:06:52]} Bxe2
{[%clk 0:42:20]} 26. Rd2 {[%clk 0:05:16]} Bh5 {[%clk 0:40:53]} 27. Rg2
{[%clk 0:03:26]} Kh7 {[%clk 0:39:12]} 28. Rc2 {[%clk 0:01:40]} Kg8
{[%clk 0:37:04]} 29. Rc7 {[%clk 0:01:15]} f6 {[%clk 0:36:45]} 30. Nd3
{[%clk 0:00:44]} Rf7 {[%clk 0:36:46]} 31. Rxf7 {[%clk 0:00:42]} Kxf7
{[%clk 0:37:12]} 32. Nc5 {[%clk 0:00:35]} Kg7 {[%clk 0:35:38]} 33. Nxb7
{[%clk 0:00:36]} Bf3 34. Re1 g5 {[%clk 0:35:39]} 35. Nc5 {[%clk 0:00:47]} Nd5
{[%clk 0:35:11]} 36. Kc2 {[%clk 0:00:47]} g4 {[%clk 0:35:23]} 37. Ne6+
{[%clk 0:00:41]} Kg6 {[%clk 0:35:34]} 38. Nd4 {[%clk 0:01:09]} Bg2
{[%clk 0:34:19]} 39. Kd2 {[%clk 0:00:32]} f5 {[%clk 0:33:13]} 40. Ne6
{[%clk 0:00:32]} Be4 {[%clk 0:32:38]} 41. Nc5 {[%clk 0:00:36]} Nf6
{[%clk 0:32:23]} 42. Nxe4 {[%clk 0:00:44]} Nxe4+ {[%clk 0:32:40]} 43. Ke3
{[%clk 0:01:09]} Kg5 {[%clk 0:32:54]} 44. b4 {[%clk 0:00:46]} Nf6
{[%clk 0:33:20]} 45. b5 {[%clk 0:00:47]} Nd5+ {[%clk 0:31:44]} 46. Kf2
{[%clk 0:01:05]} Nc3 {[%clk 0:32:12]} 47. Re7 {[%clk 0:00:39]} Nxb5
{[%clk 0:31:49]} 48. a4 {[%clk 0:01:08]} Nd4 {[%clk 0:31:54]} 49. Rxa7
{[%clk 0:01:37]} f4 {[%clk 0:32:12]} 50. a5 {[%clk 0:01:11]} g3+ {[%clk 0:31:33]}
51. Kg2 {[%clk 0:01:40]} Nf5 {[%clk 0:26:06]} 52. Ra8 {[%clk 0:01:01]} Nd4
{[%clk 0:22:36]} 53. a6 {[%clk 0:00:48]} Kh4 {[%clk 0:21:46]} 54. Rh8+
{[%clk 0:01:11]} Kg4 {[%clk 0:22:14]} 55. Rg8+ {[%clk 0:01:25]} Kh4
{[%clk 0:22:41]} 56. Rh8+ {[%clk 0:00:58]} Kg4 {[%clk 0:23:07]} 57. Rg8+
{[%clk 0:01:26]} Kh4 {[%clk 0:23:34]} 58. Rxg3 {[%clk 0:00:48]} fxg3
{[%clk 0:24:00]} 59. a7 {[%clk 0:01:14]} Ne6 {[%clk 0:23:50]} 60. a8=Q
{[%clk 0:01:32]} Nf4+ {[%clk 0:24:17]} 61. Kf3 {[%clk 0:01:15]} Nh5
{[%clk 0:24:25]} 62. Qg8 {[%clk 0:00:57]} Nf6 {[%clk 0:24:30]} 63. Qxg3+
{[%clk 0:01:08]} Kh5 {[%clk 0:24:53]} 64. Qe5+ {[%clk 0:01:26]} Kg6
{[%clk 0:25:19]} 65. Qa5 {[%clk 0:01:45]} Nh5 {[%clk 0:25:37]} 66. Qb6+
{[%clk 0:01:29]} Kg5 {[%clk 0:26:03]} 67. Qd4 {[%clk 0:01:28]} Nf6
{[%clk 0:26:07]} 68. Qd8 {[%clk 0:01:31]} Kf5 {[%clk 0:26:31]} 69. Qa5+
{[%clk 0:01:44]} Kg6 {[%clk 0:26:57]} 70. Kf4 {[%clk 0:01:51]} Nh5+
{[%clk 0:27:23]} 71. Ke5 {[%clk 0:02:10]} Kg5 {[%clk 0:27:47]} 72. Qb4
{[%clk 0:01:40]} Ng7 {[%clk 0:27:19]} 73. Qe7+ {[%clk 0:01:22]} Kg6
{[%clk 0:27:38]} 74. Qf6+ {[%clk 0:01:28]} Kh7 {[%clk 0:28:04]} 75. Qg5
{[%clk 0:01:11]} Ne8 {[%clk 0:27:50]} 76. Qh5+ {[%clk 0:01:22]} 1-0

[Event "c14"]
[Site "?"]
[Date "2016.05.07"]
[Round "9.9"]
[White "Poziomkowski, Szymon"]
[Black "Kokoszczynski, Jan"]
[Result "1-0"]
[BlackElo "1983"]
[WhiteElo "1726"]
[LiveChessVersion "1.4.7"]

1. e4 {[%clk 1:30:53]} c5 {[%clk 1:30:44]} 2. c3 {[%clk 1:31:02]} Nf6
{[%clk 1:30:44]} 3. e5 {[%clk 1:31:19]} Nd5 {[%clk 1:30:52]} 4. d4
{[%clk 1:31:41]} cxd4 {[%clk 1:30:47]} 5. cxd4 {[%clk 1:32:04]} Nc6
{[%clk 1:24:21]} 6. Nf3 {[%clk 1:31:21]} d6 {[%clk 1:22:57]} 7. Bc4
{[%clk 1:31:22]} e6 {[%clk 1:21:25]} 8. O-O {[%clk 1:27:46]} Be7 {[%clk 1:16:00]}
9. Bd2 {[%clk 1:20:22]} O-O {[%clk 1:10:10]} 10. Nc3 {[%clk 1:20:11]} Nb6
{[%clk 0:55:14]} 11. Bb3 {[%clk 1:07:19]} dxe5 {[%clk 0:47:04]} 12. dxe5
{[%clk 1:06:53]} Na5 {[%clk 0:43:41]} 13. Bc2 {[%clk 1:00:44]} Nac4
{[%clk 0:42:41]} 14. Bc1 {[%clk 0:57:22]} Qxd1 {[%clk 0:37:37]} 15. Rxd1
{[%clk 0:57:33]} Nd7 {[%clk 0:26:32]} 16. Re1 {[%clk 0:48:43]} b6
{[%clk 0:25:20]} 17. Bd3 {[%clk 0:47:18]} Na5 {[%clk 0:24:19]} 18. Bg5
{[%clk 0:39:51]} Bxg5 {[%clk 0:16:50]} 19. Nxg5 {[%clk 0:39:50]} h6
{[%clk 0:17:00]} 20. Nf3 {[%clk 0:39:21]} Bb7 {[%clk 0:16:25]} 21. Ne4
{[%clk 0:35:17]} Rfd8 {[%clk 0:14:59]} 22. Red1 {[%clk 0:29:18]} Bxe4
{[%clk 0:11:35]} 23. Bxe4 {[%clk 0:29:24]} Rac8 {[%clk 0:11:58]} 24. b3
{[%clk 0:19:27]} Nc5 {[%clk 0:10:33]} 25. Bc2 {[%clk 0:16:28]} Nc6
{[%clk 0:10:24]} 26. Rac1 {[%clk 0:15:28]} Kf8 {[%clk 0:09:19]} 27. g3
{[%clk 0:13:19]} Ke7 {[%clk 0:09:17]} 28. Kg2 {[%clk 0:10:08]} a5
{[%clk 0:08:16]} 29. Bb1 {[%clk 0:10:02]} Rxd1 {[%clk 0:07:40]} 30. Rxd1
{[%clk 0:10:18]} Rd8 {[%clk 0:07:50]} 31. Rxd8 {[%clk 0:09:07]} Kxd8
{[%clk 0:08:08]} 32. Kf1 {[%clk 0:06:33]} Nd7 {[%clk 0:08:20]} 33. Ke2
{[%clk 0:06:12]} Ndxe5 {[%clk 0:08:32]} 34. Nxe5 {[%clk 0:06:41]} Nxe5
{[%clk 0:09:01]} 35. f4 {[%clk 0:07:01]} Nc6 {[%clk 0:09:01]} 36. Kd3
{[%clk 0:06:46]} Kc7 {[%clk 0:07:07]} 37. Kc4 {[%clk 0:06:30]} Na7
{[%clk 0:07:01]} 38. Be4 {[%clk 0:05:29]} Nc8 {[%clk 0:06:41]} 39. Kd4
{[%clk 0:05:02]} Nd6 {[%clk 0:06:29]} 40. Bf3 {[%clk 0:05:06]} Nf5+
{[%clk 0:05:48]} 41. Ke5 {[%clk 0:03:52]} Kd7 {[%clk 0:05:11]} 42. g4
{[%clk 0:03:09]} Ne7 {[%clk 0:04:55]} 43. Kd4 {[%clk 0:03:11]} Kd6
{[%clk 0:05:05]} 44. h3 {[%clk 0:02:53]} Nd5 {[%clk 0:04:02]} 45. f5
{[%clk 0:02:08]} e5+ {[%clk 0:01:45]} 46. Kc4 {[%clk 0:02:12]} Nc7
{[%clk 0:01:26]} 47. a4 {[%clk 0:00:57]} Ke7 {[%clk 0:00:53]} 48. h4
{[%clk 0:00:44]} Kd6 {[%clk 0:01:09]} 49. Bg2 {[%clk 0:00:52]} Ke7
{[%clk 0:00:48]} 50. Bf3 {[%clk 0:01:18]} Kd6 {[%clk 0:01:04]} 51. Bg2
{[%clk 0:01:47]} Na6 {[%clk 0:00:34]} 52. Kb5 {[%clk 0:01:41]} Nc5
{[%clk 0:00:58]} 53. Kxb6 {[%clk 0:01:42]} e4 {[%clk 0:00:38]} 54. Kxa5
{[%clk 0:01:25]} e3 {[%clk 0:00:59]} 55. Bf3 {[%clk 0:01:18]} Nxb3+
{[%clk 0:00:53]} 56. Kb6 {[%clk 0:01:20]} Ke5 {[%clk 0:00:34]} 57. a5
{[%clk 0:01:04]} Nxa5 {[%clk 0:01:02]} 58. Kxa5 {[%clk 0:01:30]} Kf4
{[%clk 0:01:29]} 59. Bd1 {[%clk 0:01:49]} Kg3 {[%clk 0:01:46]} 60. Kb5
{[%clk 0:01:33]} Kf2 {[%clk 0:00:45]} 61. g5 {[%clk 0:00:34]} hxg5
{[%clk 0:00:46]} 62. f6 gxf6 {[%clk 0:00:34]} 63. h5 {[%clk 0:01:00]} e2
{[%clk 0:00:53]} 64. Bxe2 {[%clk 0:01:25]} Kxe2 {[%clk 0:01:22]} 65. h6 g4 66. h7
{[%clk 0:02:09]} g3 {[%clk 0:02:21]} 67. h8=Q {[%clk 0:02:27]} g2
{[%clk 0:02:47]} 68. Qh5+ {[%clk 0:02:43]} Kf2 {[%clk 0:03:09]} 69. Qh4+
{[%clk 0:02:27]} Ke2 {[%clk 0:03:21]} 70. Qg3 {[%clk 0:02:47]} Kf1
{[%clk 0:03:48]} 71. Qf3+ {[%clk 0:03:12]} Kg1 {[%clk 0:04:17]} 72. Qxf6
{[%clk 0:03:18]} Kh2 {[%clk 0:04:42]} 73. Qh4+ {[%clk 0:03:18]} Kg1
{[%clk 0:05:12]} 74. Kc4 {[%clk 0:03:15]} Kf1 {[%clk 0:05:41]} 75. Qf4+
{[%clk 0:03:26]} Ke2 {[%clk 0:06:08]} 76. Qg3 {[%clk 0:03:49]} Kf1
{[%clk 0:06:37]} 77. Qf3+ {[%clk 0:04:13]} Kg1 {[%clk 0:07:05]} 78. Qxf7
{[%clk 0:04:16]} Kh2 {[%clk 0:07:32]} 79. Qh5+ {[%clk 0:04:36]} Kg3
{[%clk 0:08:02]} 80. Qg5+ {[%clk 0:04:54]} Kf2 {[%clk 0:08:28]} 81. Qf4+
{[%clk 0:05:16]} Ke2 {[%clk 0:08:56]} 82. Qg3 {[%clk 0:05:39]} Kf1
{[%clk 0:09:24]} 83. Qf3+ {[%clk 0:06:03]} Kg1 {[%clk 0:09:52]} 84. Kd3
{[%clk 0:06:08]} Kh2 {[%clk 0:10:18]} 85. Qh5+ {[%clk 0:06:31]} Kg3
{[%clk 0:10:43]} 86. Qg5+ {[%clk 0:06:35]} Kf2 {[%clk 0:10:45]} 87. Qf4+
{[%clk 0:06:57]} Ke1 {[%clk 0:11:08]} 88. Qg3+ {[%clk 0:07:10]} Kf1
{[%clk 0:11:36]} 89. Qf3+ {[%clk 0:07:23]} Kg1 {[%clk 0:12:04]} 90. Ke3
{[%clk 0:07:12]} Kh2 {[%clk 0:12:30]} 91. Qh5+ {[%clk 0:07:32]} Kg1
{[%clk 0:12:53]} 92. Kf3 {[%clk 0:07:36]} Kf1 {[%clk 0:13:22]} 93. Qh3
{[%clk 0:07:25]} 1-0

[Event "c14"]
[Site "?"]
[Date "2016.05.07"]
[Round "9.10"]
[White "Strzelecki, Maciej"]
[Black "Golenia, Jan"]
[Result "0-1"]
[BlackElo "1973"]
[WhiteElo "1813"]
[LiveChessVersion "1.4.7"]

1. e4 {[%clk 1:30:49]} e5 {[%clk 1:30:23]} 2. Nf3 {[%clk 1:30:51]} Nc6
{[%clk 1:30:49]} 3. Bb5 {[%clk 1:31:04]} a6 {[%clk 1:31:04]} 4. Ba4
{[%clk 1:31:18]} Nf6 {[%clk 1:31:20]} 5. O-O {[%clk 1:31:31]} Bc5
{[%clk 1:30:58]} 6. c3 {[%clk 1:30:56]} b5 {[%clk 1:30:58]} 7. Bc2
{[%clk 1:31:05]} d5 {[%clk 1:30:32]} 8. a4 {[%clk 1:28:13]} Rb8 {[%clk 1:24:56]}
9. axb5 {[%clk 1:20:44]} axb5 {[%clk 1:24:59]} 10. exd5 {[%clk 1:11:52]} Qxd5
{[%clk 1:24:15]} 11. Bb3 {[%clk 1:08:47]} Qd6 {[%clk 1:21:33]} 12. d4
{[%clk 1:03:48]} exd4 {[%clk 1:15:31]} 13. Re1+ {[%clk 1:01:40]} Ne7
{[%clk 1:12:59]} 14. cxd4 {[%clk 0:59:40]} Bb4 {[%clk 1:10:18]} 15. Nc3
{[%clk 0:54:09]} O-O {[%clk 1:09:13]} 16. Bg5 {[%clk 0:49:06]} Ng6
{[%clk 1:01:46]} 17. Bxf6 {[%clk 0:42:43]} Qxf6 {[%clk 0:58:51]} 18. Nd5
{[%clk 0:39:41]} Qd6 {[%clk 0:58:23]} 19. Nxb4 {[%clk 0:39:20]} Qxb4
{[%clk 0:58:30]} 20. Ne5 {[%clk 0:37:01]} Nxe5 {[%clk 0:55:51]} 21. Rxe5
{[%clk 0:35:06]} Bb7 {[%clk 0:50:58]} 22. Qd3 {[%clk 0:33:13]} c6
{[%clk 0:36:45]} 23. Rae1 {[%clk 0:28:32]} Rbd8 {[%clk 0:35:20]} 24. Qf3
{[%clk 0:24:39]} Rd7 {[%clk 0:28:26]} 25. Bc2 {[%clk 0:18:30]} g6
{[%clk 0:27:33]} 26. Qh3 {[%clk 0:12:26]} Rxd4 {[%clk 0:25:47]} 27. Re7
{[%clk 0:10:10]} Rd2 {[%clk 0:21:22]} 28. Bb3 {[%clk 0:07:16]} Rxb2
{[%clk 0:17:04]} 29. Bxf7+ {[%clk 0:06:24]} Rxf7 {[%clk 0:17:15]} 30. Re8+
{[%clk 0:06:25]} Kg7 {[%clk 0:17:32]} 31. Qe3 {[%clk 0:06:17]} Qf4
{[%clk 0:15:31]} 32. Qc3+ {[%clk 0:05:31]} Qf6 {[%clk 0:15:55]} 33. Qxf6+
{[%clk 0:05:21]} Kxf6 {[%clk 0:16:14]} 0-1

[Event "c14"]
[Site "?"]
[Date "2016.05.07"]
[Round "9.11"]
[White "Golecki, Jan"]
[Black "Polczyk, Mikolaj"]
[Result "0-1"]
[BlackElo "1831"]
[WhiteElo "1880"]
[LiveChessVersion "1.4.7"]

1. e4 {[%clk 1:30:58]} e5 {[%clk 1:30:55]} 2. Nf3 {[%clk 1:31:22]} Nc6
{[%clk 1:31:16]} 3. Bc4 {[%clk 1:31:48]} Nf6 {[%clk 1:31:10]} 4. d4
{[%clk 1:31:00]} exd4 {[%clk 1:31:16]} 5. Ng5 {[%clk 1:31:23]} d5
{[%clk 1:29:44]} 6. exd5 {[%clk 1:31:43]} Na5 {[%clk 1:24:56]} 7. Qxd4
{[%clk 1:30:22]} Nxc4 {[%clk 1:23:13]} 8. Qxc4 {[%clk 1:30:48]} Nxd5
{[%clk 1:22:58]} 9. O-O {[%clk 1:23:42]} Be7 {[%clk 1:22:07]} 10. Rd1
{[%clk 1:24:05]} c6 {[%clk 1:21:49]} 11. Nc3 {[%clk 1:03:47]} Bxg5
{[%clk 1:15:30]} 12. Nxd5 {[%clk 1:02:58]} Bxc1 {[%clk 1:14:09]} 13. Qe2+
{[%clk 1:03:07]} Be6 {[%clk 1:12:12]} 14. Nf4 {[%clk 1:02:49]} Bxf4
{[%clk 1:11:01]} 15. Rxd8+ {[%clk 1:03:14]} Rxd8 {[%clk 1:11:27]} 16. g3
{[%clk 1:03:16]} Bc7 {[%clk 1:11:19]} 17. c4 {[%clk 1:02:23]} O-O
{[%clk 1:10:49]} 18. b3 {[%clk 0:53:39]} Rd4 {[%clk 1:10:39]} 19. Rd1
{[%clk 0:53:48]} Rfd8 {[%clk 1:08:48]} 20. Rxd4 {[%clk 0:54:11]} Rxd4
{[%clk 1:09:13]} 21. Kg2 {[%clk 0:52:50]} h6 {[%clk 1:06:29]} 22. a4
{[%clk 0:51:37]} g6 {[%clk 0:58:41]} 23. Qe3 {[%clk 0:48:18]} c5 {[%clk 0:53:54]}
24. h4 {[%clk 0:45:03]} Kg7 {[%clk 0:52:33]} 25. Qc3 {[%clk 0:44:02]} b6
{[%clk 0:51:12]} 26. Qe3 {[%clk 0:36:17]} Bd8 {[%clk 0:50:54]} 27. a5
{[%clk 0:30:54]} Bf6 {[%clk 0:49:11]} 28. axb6 {[%clk 0:30:51]} axb6
{[%clk 0:49:35]} 29. Qe2 {[%clk 0:29:40]} Bf5 {[%clk 0:49:24]} 30. f3
{[%clk 0:25:07]} h5 {[%clk 0:49:22]} 31. Qa2 {[%clk 0:19:21]} Rd3
{[%clk 0:49:21]} 32. Qa4 {[%clk 0:17:03]} Bd7 {[%clk 0:45:30]} 33. Qa8
{[%clk 0:17:08]} Rxb3 {[%clk 0:45:40]} 34. Qa2 {[%clk 0:17:19]} Rb2+
{[%clk 0:46:04]} 0-1

[Event "c14"]
[Site "?"]
[Date "2016.05.07"]
[Round "9.12"]
[White "Musial, Tomasz"]
[Black "Psyk, Radoslaw"]
[Result "0-1"]
[BlackElo "2219"]
[WhiteElo "1799"]
[LiveChessVersion "1.4.7"]

1. e4 {[%clk 1:30:52]} c5 {[%clk 1:30:50]} 2. c3 {[%clk 1:31:04]} Nf6
{[%clk 1:31:11]} 3. e5 {[%clk 1:31:18]} Nd5 {[%clk 1:31:36]} 4. d4
{[%clk 1:31:34]} cxd4 {[%clk 1:32:03]} 5. Qxd4 {[%clk 1:31:55]} e6
{[%clk 1:32:26]} 6. Nf3 {[%clk 1:32:13]} Nc6 {[%clk 1:32:37]} 7. Qe4
{[%clk 1:31:54]} f5 {[%clk 1:32:42]} 8. Qe2 {[%clk 1:31:16]} Qc7 {[%clk 1:32:44]}
9. g3 {[%clk 1:30:36]} d6 {[%clk 1:33:02]} 10. exd6 {[%clk 1:29:53]} Bxd6
{[%clk 1:33:29]} 11. Bg2 {[%clk 1:29:24]} O-O {[%clk 1:33:52]} 12. O-O
{[%clk 1:28:56]} Nf6 {[%clk 1:34:20]} 13. Nbd2 {[%clk 1:25:25]} e5
{[%clk 1:34:26]} 14. Nc4 {[%clk 1:23:18]} e4 {[%clk 1:34:39]} 15. Nxd6
{[%clk 1:18:34]} Qxd6 {[%clk 1:34:49]} 16. Ng5 {[%clk 1:16:33]} h6
{[%clk 1:33:52]} 17. Rd1 {[%clk 1:14:28]} Qe7 {[%clk 1:32:00]} 18. Nh3
{[%clk 1:10:28]} Be6 {[%clk 1:31:27]} 19. Nf4 {[%clk 1:03:40]} Bf7
{[%clk 1:30:07]} 20. h4 {[%clk 0:55:42]} Ne5 {[%clk 1:27:49]} 21. b3
{[%clk 0:53:11]} g5 {[%clk 1:25:49]} 22. hxg5 {[%clk 0:51:32]} hxg5
{[%clk 1:25:51]} 23. Nh3 {[%clk 0:50:56]} Bh5 {[%clk 1:25:35]} 24. Qd2
{[%clk 0:49:30]} Bxd1 {[%clk 1:22:30]} 25. Qxd1 {[%clk 0:49:19]} Rad8
{[%clk 1:22:08]} 26. Qe2 {[%clk 0:49:35]} g4 {[%clk 1:21:40]} 27. Nf4
{[%clk 0:49:29]} Qh7 {[%clk 1:14:43]} 28. Ne6 {[%clk 0:46:17]} Nf3+
{[%clk 1:14:24]} 29. Bxf3 gxf3 {[%clk 1:14:28]} 30. Nxf8 {[%clk 0:44:32]} Qh3
{[%clk 1:14:09]} 31. Qc4+ {[%clk 0:44:10]} Rd5 {[%clk 1:14:33]} 0-1

[Event "c14"]
[Site "?"]
[Date "2016.05.07"]
[Round "9.13"]
[White "Szpar, Milosz"]
[Black "Mietkiewicz, Jacek"]
[Result "1-0"]
[BlackElo "1750"]
[WhiteElo "1956"]
[LiveChessVersion "1.4.7"]

1. e4 {[%clk 1:30:59]} e6 {[%clk 1:30:56]} 2. d4 {[%clk 1:31:23]} d5
{[%clk 1:31:24]} 3. Nc3 {[%clk 1:31:46]} Nf6 {[%clk 1:31:50]} 4. Bd3
{[%clk 1:30:50]} c5 {[%clk 1:29:52]} 5. dxc5 {[%clk 1:30:19]} Bxc5
{[%clk 1:29:37]} 6. e5 {[%clk 1:30:06]} Nfd7 {[%clk 1:29:16]} 7. Qg4
{[%clk 1:28:27]} Kf8 {[%clk 1:28:56]} 8. Nf3 {[%clk 1:28:06]} Nc6
{[%clk 1:28:57]} 9. Bf4 {[%clk 1:23:39]} Qb6 {[%clk 1:28:19]} 10. O-O
{[%clk 1:19:03]} Qxb2 {[%clk 1:18:22]} 11. Na4 {[%clk 1:08:56]} Qb4
{[%clk 1:17:40]} 12. Nxc5 {[%clk 1:09:02]} Qxc5 {[%clk 1:17:55]} 13. a4
{[%clk 1:06:24]} Nd4 {[%clk 1:07:00]} 14. Nxd4 {[%clk 1:03:29]} Qxd4
{[%clk 1:07:24]} 15. Qh4 {[%clk 1:03:26]} Qb6 {[%clk 1:07:18]} 16. Be3
{[%clk 0:52:09]} Qc7 {[%clk 1:07:02]} 17. Qb4+ {[%clk 0:52:08]} Ke8
{[%clk 1:06:51]} 18. Bb5 {[%clk 0:41:26]} a6 {[%clk 0:56:14]} 19. Bg5
{[%clk 0:39:59]} f6 {[%clk 0:55:46]} 20. exf6 {[%clk 0:40:19]} gxf6
{[%clk 0:55:46]} 21. Bxf6 {[%clk 0:40:32]} Kf7 {[%clk 0:54:38]} 22. Qe7+
{[%clk 0:40:55]} 1-0

[Event "c14"]
[Site "?"]
[Date "2016.05.07"]
[Round "9.14"]
[White "Mike, Patryk"]
[Black "Kukorowski, Jan"]
[Result "1-0"]
[BlackElo "1706"]
[WhiteElo "1804"]
[LiveChessVersion "1.4.7"]

1. e4 {[%clk 1:30:41]} e6 {[%clk 1:30:56]} 2. d4 {[%clk 1:30:47]} d5
{[%clk 1:31:19]} 3. e5 {[%clk 1:30:40]} c5 {[%clk 1:31:26]} 4. c3
{[%clk 1:30:34]} Nc6 {[%clk 1:31:46]} 5. Nf3 {[%clk 1:29:42]} Qb6
{[%clk 1:32:09]} 6. a3 Nh6 {[%clk 1:32:31]} 7. b4 {[%clk 1:27:51]} cxd4
{[%clk 1:32:55]} 8. cxd4 {[%clk 1:28:03]} Nf5 {[%clk 1:33:20]} 9. Be3
{[%clk 1:25:15]} Bd7 {[%clk 1:32:29]} 10. Be2 {[%clk 1:20:19]} Rc8
{[%clk 1:29:15]} 11. O-O {[%clk 1:17:18]} Be7 {[%clk 1:28:51]} 12. g4
{[%clk 1:14:53]} Nxe3 {[%clk 1:29:07]} 13. fxe3 {[%clk 1:15:18]} h5
{[%clk 1:24:22]} 14. g5 {[%clk 1:08:03]} g6 {[%clk 1:09:16]} 15. Nbd2
{[%clk 0:59:56]} h4 {[%clk 1:01:29]} 16. Kh1 {[%clk 0:54:39]} Qd8
{[%clk 1:01:25]} 17. Qe1 {[%clk 0:51:02]} Bxg5 {[%clk 1:00:45]} 18. Qf2
{[%clk 0:49:40]} Rh7 {[%clk 0:58:16]} 19. Bd3 {[%clk 0:45:19]} Be7
{[%clk 0:57:14]} 20. Bxg6 {[%clk 0:36:48]} fxg6 {[%clk 0:56:23]} 21. Nxh4
{[%clk 0:32:58]} Nxe5 {[%clk 0:53:46]} 22. dxe5 {[%clk 0:30:08]} Bb5
{[%clk 0:53:54]} 23. Nxg6 {[%clk 0:26:21]} Bxf1 {[%clk 0:54:13]} 24. Rxf1
{[%clk 0:25:18]} Rg7 {[%clk 0:51:56]} 25. Nb3 {[%clk 0:24:30]} Kd7
{[%clk 0:50:49]} 26. Nf4 {[%clk 0:23:24]} Rc3 {[%clk 0:48:09]} 27. Nd4
{[%clk 0:23:29]} Qb6 {[%clk 0:46:46]} 28. Nfxe6 {[%clk 0:23:36]} Rg8
{[%clk 0:46:29]} 29. Qf5 {[%clk 0:15:57]} Rxe3 {[%clk 0:40:29]} 30. Nc5+
{[%clk 0:14:17]} Kc7 {[%clk 0:40:48]} 31. Qd7+ {[%clk 0:14:12]} Kb8
{[%clk 0:41:15]} 32. Qxe7 {[%clk 0:14:22]} Qg6 {[%clk 0:40:29]} 33. Qxb7#
{[%clk 0:14:09]} 1-0

[Event "c14"]
[Site "?"]
[Date "2016.05.07"]
[Round "9.15"]
[White "Namyslak, Piotr"]
[Black "Majocha, Piotr"]
[Result "1-0"]
[BlackElo "1703"]
[WhiteElo "1775"]
[LiveChessVersion "1.4.7"]

1. c4 {[%clk 1:30:57]} b6 {[%clk 1:30:53]} 2. Nc3 {[%clk 1:26:17]} c5
{[%clk 1:31:14]} 3. g3 {[%clk 1:25:27]} Bb7 {[%clk 1:31:36]} 4. e4
{[%clk 1:25:24]} e6 {[%clk 1:31:37]} 5. Bg2 {[%clk 1:24:43]} a6 {[%clk 1:31:15]}
6. d3 {[%clk 1:24:11]} d6 {[%clk 1:29:54]} 7. Nge2 {[%clk 1:24:00]} Qc7
{[%clk 1:29:33]} 8. O-O {[%clk 1:19:52]} Nd7 {[%clk 1:29:20]} 9. f4
{[%clk 1:16:31]} Ngf6 {[%clk 1:28:24]} 10. h3 {[%clk 1:10:01]} Be7
{[%clk 1:23:36]} 11. g4 {[%clk 1:08:43]} g6 {[%clk 1:18:48]} 12. Ng3
{[%clk 1:03:34]} O-O-O {[%clk 1:15:37]} 13. f5 {[%clk 0:41:07]} d5
{[%clk 0:59:12]} 14. Bf4 {[%clk 0:31:08]} e5 {[%clk 0:58:21]} 15. Bg5
{[%clk 0:25:40]} d4 {[%clk 0:57:56]} 16. Bxf6 {[%clk 0:25:19]} Bxf6
{[%clk 0:58:01]} 17. Nd5 {[%clk 0:24:47]} Qd6 {[%clk 0:56:45]} 18. fxg6
{[%clk 0:16:55]} hxg6 {[%clk 0:56:12]} 19. Nxf6 {[%clk 0:15:59]} Nxf6
{[%clk 0:56:26]} 20. g5 {[%clk 0:16:04]} Nh5 {[%clk 0:56:33]} 21. Nxh5
{[%clk 0:15:20]} Rxh5 {[%clk 0:56:57]} 22. Qg4+ {[%clk 0:15:21]} Qd7
{[%clk 0:57:05]} 23. Rxf7 {[%clk 0:14:46]} Qxg4 {[%clk 0:57:29]} 24. hxg4
{[%clk 0:15:10]} Rxg5 {[%clk 0:57:41]} 25. Bh3 {[%clk 0:15:05]} Kb8
{[%clk 0:57:25]} 26. Kg2 {[%clk 0:13:48]} Bc8 {[%clk 0:57:48]} 27. Kg3
{[%clk 0:14:13]} Rh8 {[%clk 0:58:13]} 28. Raf1 {[%clk 0:13:39]} Rxh3+
{[%clk 0:58:18]} 29. Kxh3 {[%clk 0:13:39]} Rxg4 {[%clk 0:58:42]} 30. Kh2
{[%clk 0:13:35]} Rh4+ {[%clk 0:58:28]} 31. Kg1 {[%clk 0:13:57]} g5
{[%clk 0:58:37]} 32. Rg7 {[%clk 0:13:14]} g4 {[%clk 0:59:00]} 33. Rf8
{[%clk 0:13:36]} Rh3 {[%clk 0:59:12]} 34. Rgg8 {[%clk 0:13:48]} Rxd3
{[%clk 0:59:13]} 35. Rxc8+ {[%clk 0:13:32]} Kb7 {[%clk 0:59:39]} 36. Rcf8
{[%clk 0:13:42]} a5 {[%clk 0:59:59]} 37. Rg7+ {[%clk 0:14:03]} Ka6
{[%clk 1:00:24]} 38. Ra8# {[%clk 0:13:57]} 1-0